000 00578nam a2200217Ia 4500
005 20250428125746.0
008 250408s9999 xx 000 0 und d
037 _aTextbook
040 _aLCO
_beng
_cLCO
041 _aeng
_2eng
084 _aZ2,7,16 R2
_qLCO
100 _aPanchu, Shriram
_9753180
245 0 _aMediation Practice & law
_c Shriram Panchu
250 _a3rd
260 _aHaryana, India
_bLexisNexis
_c2022
300 _a831
365 _aINR
_b1950
650 _aLawMediation
_9753181
942 _cTB
_hZ2,7,16 R2
999 _c1309490
_d1309490